| 000 | 00746nam a22002297a 4500 | ||
|---|---|---|---|
| 005 | 20221210101117.0 | ||
| 008 | 010101b xxu||||| |||| 00| 0 eng d | ||
| 020 |
_a9780141181257 _c399 |
||
| 040 | _aLoreto College | ||
| 041 | _aEnglish | ||
| 082 |
_a821.91 _bYEA |
||
| 100 |
_aYeats, W.B. _d1865-1939 _qWilliam Butler Yeats |
||
| 245 |
_aSelected poems _cW.B. Yeats. Edited with an Introduction and notes by Timothy Webb |
||
| 260 |
_aLondon _bPenguin Books _c1991 |
||
| 300 |
_axliii,322p _b23 cm |
||
| 500 | _areprinted with additional material 2000 | ||
| 504 | _aIncludes bibliographical references and index | ||
| 650 |
_aPoetry _xLiterature in English _y20th Century |
||
| 700 |
_4ed. _aWebb, Timothy |
||
| 850 | _aLCLIB | ||
| 942 | _cBK | ||
| 999 |
_c39992 _d90471 |
||